000 01255nam a2200265 i 4500
001 179593
003 ES-MaACL
005 20250808062831.0
007 t|
008 111223s2011 sp |||| | spa d
020 _a978-84-7914-974-1
080 _a229.8
245 0 0 _aHechos apócrifos de los Apóstoles.
_nIII /
_cedición preparada por Antonio Piñero y Gonzalo del Cerro.
260 _aMadrid :
_bBiblioteca de Autores Cristianos,
_c2011.
300 _aXX, 1223 p. ;
_c20 cm.
490 1 _aBiblioteca de autores cristianos ;
_v701
500 _aTextos en español, griego y latín.
505 8 _aContiene: Hechos de Felipe -- Martirio de Pedro -- Hechos de Andrés y Mateo -- Martirio de Mateo -- Hechos de Pedro y Pablo -- Viajes y martirio de Bernabé -- Hechos de Tadeo -- Hechos de Juan, por Prócoro -- Hechos de Santiago el Mayor -- Hechos de Santiago, Simón y Judas -- Milagros de Juan -- Pasión de Bartolomé -- Martirio de Nereo y Aquilés -- Martirio de Andrés
700 1 _aPiñero, Antonio.
_992272
700 1 _aCerro Calderón, Gonzalo del.
_937568
730 0 2 _aBiblia.
_pN.T.
_pApócrifos.
_9155693
830 0 0 _aBiblioteca de autores cristianos
_v701
_9178679
852 _aES-MaACL
_jJ-689
999 _c179593
_d179593